000 00296pam a2200145 a 4500
020 _c
041 _aeng
082 _bMAZ
100 _aMazumdar D.
245 _aA Poets Death
_hTextual Documents
250 _a2004.
260 _aNew Delhi :
_bRupa Co.
300 _a67 pg .
930 _a10668
999 _c87572
_d87572